عرض عادي
عرض مارك
- Chemistry
مدخل مصطلح موضوعي
001 - رقم الضبط
- حقل الضبط: 40434
003 - معرف رقم الضبط
- حقل الضبط: OSt
005 - تاريخ ووقت أخر عملية
- حقل الضبط: 20131118155841.0
008 - عناصر بيانات ثابتة الطول
- حقل تحكم ثابت الطول: 131118|||a|||||| | ||| d
040 ## - مصدر الفهرسة
- هيئة الفهرسة الأصلية: OSt
- وكالة الكتابة: OSt
150 ## - مدخل-- مصطلح تاريخي
- عنصر مدخل المصطلح الموضوعي او الاسم الجغرافي: Chemistry
- تفريع عام: History.
670 ## - بيانات المصدر موجوده
- الاستشهاد بالمصدر: Work cat.: (OSt)0: Ihde, Aaron J. (Aaron John), 1909-2000. 40433, The development of modern chemistry /, c1984.
